| 000 | 00928nam a2200265Ia 4500 | ||
|---|---|---|---|
| 003 | OSt | ||
| 005 | 20221005103718.0 | ||
| 006 | a|||||r|||| 00| 0 | ||
| 007 | ta | ||
| 008 | 221004b |||||||| |||| 00| 0 hin d | ||
| 024 | _a32037 | ||
| 037 | _cTextual | ||
| 040 |
_aCRL _cCRL _bhin |
||
| 041 |
_2hin _ahin |
||
| 082 | _aO152v'N5, M0 | ||
| 100 | _aशर्मा, शिवकुमार | ||
| 245 | 0 | _aहिन्दी साहित्य युग और प्रवृत्तियॉं | |
| 246 | _aHindī sāhitya yug aur pravṛuttiyaॉan | ||
| 250 | _a8वॉं संस्करण | ||
| 260 |
_aदिल्ली _bअशोक प्रकाशन भारत _c1980 |
||
| 300 |
_a716पृ. _ccm. |
||
| 650 | _aहिन्दी साहित्य | ||
| 942 |
_hO152v'N5, M0 _cTEXL _2cc |
||
| 999 |
_c1010711 _d1010711 |
||